Normal view MARC view
  • Thompson, Ian,

Entry Personal Name

Number of records used in: 1

001 - CONTROL NUMBER

  • control field: 119035

003 - CONTROL NUMBER IDENTIFIER

  • control field: NUST

005 - DATE AND TIME OF LATEST TRANSACTION

  • control field: 20231128145426.0

008 - FIXED-LENGTH DATA ELEMENTS

  • fixed length control field: 231128|| aca||aabn | a|a d

040 ## - CATALOGING SOURCE

  • Original cataloging agency: NUST
  • Transcribing agency: NUST

100 ## - HEADING--PERSONAL NAME

  • Personal name: Thompson, Ian,
  • Dates associated with a name: 1955-

670 ## - SOURCE DATA FOUND

  • Source citation: Work cat.: (NUST)1931: Howard, Peter, 1944- 119033, The Routledge companion to landscape studies /, c2012.
© 2023 Central Library, National University of Sciences and Technology. All Rights Reserved.